000 00534nam a2200229 a 4500
001 nice12345678
003 IN_TiNIC
005 20260116011354.0
008 050524s1964 deoa grp 000 0 eng
020 _a
_c3.25
082 0 0 _a297.2
_bABD
100 _aAbdul Haq, Shaikh
245 _aImaan Kya Hai
260 _aDeoband
_bMaktaba Nidaa-I-Quran
_c1964
300 _a260p
500 _aincludes index and biblioraphy
505 2 _aIndexes
650 _aIslam-Doctrines
902 _bSRS
942 _cBK
999 _c955
_d955